000 00686nam a2200193Ia 4500
008 151119s9999||||xx |||||||||||||| ||und||
082 _a891.46308माडगू/बांधव
082 _bGKKV33173
100 _aमाडगुळकर ग दि
245 _aबांधावरच्या बाभळी
260 _aऔरंगाबाद
260 _bसाकेत प्रकाशन
260 _c1979
600 _aमाडगुळकर ग दि
630 _aबांधावरच्या बाभळी
700 _aमाडगुळकर ग दि
730 _aबांधावरच्या बाभळी
942 _cBOOK
999 _c1085473
_d1085470